Devine les pilotes MotoGP 2025 - Statistiques

Statistiques générales
  • Ce quiz a été pris 92 fois
  • Le résultat moyen est 19 sur 22
Statistiques - réponses
Par images Hint Réponse % Correct
5 Johann Zarco
99%
63 Francesco Bagnaia
93%
93 Marc Marquez
93%
20 Fabio Quartararo
91%
73 Alex Marquez
90%
1 Jorge Martin
90%
42 Alex Rins
89%
33 Brad Binder
89%
37 Pedro Acosta
89%
54 Fermin Aldeguer
87%
79 Ai Ogura
86%
72 Marco Bezzechi
86%
43 Jack Miller
84%
36 Joan Mir
84%
10 Luca Marini
84%
23 Enea Bastianini
81%
21 Franco Morbidelli
81%
25 Raul Fernandez
79%
35 Somkiat Chantra
79%
12 Maverick Vinales
77%
49 Fabio Di Giannantonio
74%
88 Miguel Oliveira
71%
Aucun quiz correspondant
Distribution des résultats
% des personnes avec chaque résultat
Percentile par nombre de réponses
Votre historique - résultats
Vous n’avez pas pris ce quiz